书目信息 |
| 题名: |
画人画语
|
|
| 作者: | 韩羽, 著 | |
| 分册: | ||
| 出版信息: | 太原 北岳文艺出版社 2020.10 |
|
| 页数: | 365页, [1] 叶图版 | |
| 开本: | 23cm | |
| 丛书名: | 大家谈艺录 | |
| 单 册: | ||
| 中图分类: | J205.2 | |
| 科图分类: | ||
| 主题词: | 绘画评论--中国--现代--文集 | |
| 电子资源: | ||
| ISBN: | 978-7-5378-4963-0 | |
| 000 | 00874nam 2200265 45 | |
| 001 | 012001001258 | |
| 005 | 20130911083734.0 | |
| 010 | @a978-7-5378-4963-0@dCNY135.00 | |
| 099 | @aCAL 012017050201 | |
| 100 | @a20170409d2017 em y0chiy0110 ea | |
| 101 | 0 | @achi |
| 102 | @aCN@b140000 | |
| 105 | @aaf z 000yy | |
| 106 | @ar | |
| 200 | 1 | @a画人画语@Ahua ren hua yu@f韩羽 |
| 210 | @a太原@c北岳文艺出版社@d2020.10 | |
| 215 | @a365页, [1] 叶图版@c图 (部分彩图)@d23cm | |
| 225 | 2 | @a大家谈艺录@Ada jia tan yi lu@v01 |
| 330 | @a本书分为东拉西扯、读画札记、画徒品戏、自画自说以及访谈杂录五大部分,收录了《画苏轼》《陈老莲画孙二娘》《同是天涯沦落人》等文章。 | |
| 461 | 0 | @12001 @a大家谈艺录 |
| 606 | 0 | @a绘画评论@y中国@z现代@j文集 |
| 690 | @aJ205.2@v5 | |
| 701 | 0 | @a韩羽,@Ahan yu@f1931-@4著 |
| 801 | @aCN@b江苏凤凰@c20211018 | |
| 905 | @b1342805-8@dJ205.2@e1318@f4 | |
| 画人画语/韩羽.-太原:北岳文艺出版社,2020.10 |
| 365页, [1] 叶图版:图 (部分彩图);23cm.-(大家谈艺录;01) |
| ISBN 978-7-5378-4963-0:CNY135.00 |
| 本书分为东拉西扯、读画札记、画徒品戏、自画自说以及访谈杂录五大部分,收录了《画苏轼》《陈老莲画孙二娘》《同是天涯沦落人》等文章。 |
| ● |
| 相关链接 |
|
|
|
|
正题名:画人画语
索取号:J205.2/1318
 
预约/预借
| 序号 | 登录号 | 条形码 | 馆藏地/架位号 | 状态 | 备注 |
| 1 | 1342805 | 213428058 | 第一样本阅览室/ [索取号:J205.2/1318] | 在馆 | |
| 2 | 1342806 | 213428067 | 第一借阅区/ [索取号:J205.2/1318] | 在馆 | |
| 3 | 1342807 | 213428076 | 第一借阅区/ [索取号:J205.2/1318] | 在馆 | |
| 4 | 1342808 | 213428085 | 第一借阅区/ [索取号:J205.2/1318] | 在馆 |